[Event "Linares 20th"]
[Site "Linares"]
[Date "2003.02.28"]
[Round "6"]
[White "Kramnik, Vladimir"]
[Black "Radjabov, Teimour"]
[Result "1-0"]
[WhiteElo "2807"]
[BlackElo "2624"]
[Annotator "Finkel,A"]
[PlyCount "71"]
[EventDate "2003.02.22"]
[EventType "tourn"]
[EventRounds "14"]
[EventCountry "ESP"]
[EventCategory "20"]
[SourceTitle "CBM 094"]
[Source "ChessBase"]
[SourceDate "2003.05.26"]
[SourceVersion "1"]
[SourceVersionDate "2003.05.26"]
[SourceQuality "1"]

1. e4 {Ftacnik} e6 2. d4 d5 3. Nc3 Nf6 4. e5 Nfd7 5. f4 c5 6. Nf3 Nc6 7. Be3
cxd4 8. Nxd4 Bc5 9. Qd2 O-O 10. O-O-O a6 11. Qf2 $5 {A rare move. Usually
white plays 11. h4 here with complicated struggle. The idea behind 11.Qf2 is
very simple and logical- white intends to develop a bishop to d3 followed by
Qh4 later on.} Nxd4 12. Bxd4 Qc7 13. Bd3 (13. Bxc5 Nxc5 14. Bd3 f6 15. exf6
Rxf6 16. g3 Bd7 17. Qd4 $14 {Schmid,G-Janka,H/Koetzting 1988}) (13. g4 $5 b5
14. Bd3 b4 15. Qh4 h6 16. Ne2 f6 17. Bxc5 Nxc5 18. exf6 Rxf6 19. g5 $36 {
Kosmol,H-Uiess,H/ICCF-Cup corr 1994}) 13... b5 {This is Radjabov's last
opportunity to exchange the queens off and to jump into slightly worse endgame.
} (13... Bxd4 14. Qxd4 b5 (14... Qc5 15. Ne2 b6 (15... Qxd4 16. Nxd4 Nc5 17.
Rhe1 $14) 16. Kb1 Bb7 17. c3 Bc6 18. Bc2 Bb5 19. Qd2 Bxe2 20. Qxe2 Rfd8 21. f5
$14 {Hossain,E-Vakhidov,T/Dhaka 2003}) 15. Rhe1 Qb6 16. Qxb6 Nxb6 17. Ne2 b4
18. Nd4 a5 19. b3 $14 {Pedzich,D-Aaberg,A/Copenhagen 1991}) 14. Qh4 {This is
white's idea - to create a couple weaknesses on the King side and to push
pawns to open up a position of the black king. Ftacnik: 'Kramnik is trying for
a new solution in a well known variation with the preparation of the kingside
attack.'} (14. Ne2 Be7 15. Kb1 Bb7 16. Rhe1 Rae8 17. Qg3 f5 18. exf6 Bxf6 19.
Qh3 $14 {Moreda,L-Kovacevic,B/Nova Gorica 2001}) 14... h6 (14... g6 {Ftacnik}
15. Ne2 Bb7 16. Kb1 $14) 15. Ne2 f6 (15... Bb7 16. g4 $1 {[%csl Rg8][%cal
Gg4g5]} (16. Kb1 {Ftacnik} Rac8 17. g4 $14) 16... f6 17. g5 fxe5 18. gxh6 $1
$18 exd4 $140 19. hxg7 Rf6 20. Qh7+ Kf7 21. g8=Q#) 16. Qg4 {At this point it's
pretty obvious that Kramnik won the theoretical discussion. White has
developed very dangerous initiative on the kingside, while Radjabov is
deprived of any counterplay on the other part of the board.} Bxd4 (16... f5 17.
Qf3 (17. Qg6 {Ftacnik} Rf7 18. h3 Nf8 19. Qh5 $14) 17... Qb6 18. Qe3 $1 $16 {
[%csl Rg8][%cal Gh1g1,Gg2g4] Next g2-g4 will be coming soon with very
unpleasent threats over the g-file.}) 17. Nxd4 (17. Qxe6+ {Ftacnik} Kh8 (17...
Rf7 18. Nxd4 Nxe5 19. Qe8+ Rf8 20. Bh7+ Kxh7 21. Qxf8 $16) 18. Qf5 (18. Nxd4
Nxe5 19. Qxd5 Nxd3+ 20. Rxd3 Qxf4+ $11) 18... Be3+ 19. Kb1 g6 20. Qxg6 (20. Qh3
Nxe5 21. Qxe3 Nxd3 22. Qxd3 Bf5 $11) 20... Nxe5 21. fxe5 fxe5 22. Nc3 $14)
17... Nc5 (17... fxe5 $2 {Ftacnik} 18. Qxg7+ Kxg7 19. Nxe6+ Kf7 20. Nxc7 $18)
18. Qg6 {Forcing black to take on d3.} Nxd3+ 19. Rxd3 Qc4 $2 {Ftacnik: 'Only
the youth has the ability to feed the hope into desperate counterattack on the
queenisde. In fact white's advantage after the correct and logical move 19...
Qf7! would be rather symbolic.'} (19... fxe5 20. Nxe6 Bxe6 21. Qxe6+ Qf7 22.
Qxe5 (22. Qxf7+ {Ftacnik} Kxf7 23. fxe5 Ke6 24. Re1 Rf2 $11) 22... Qxf4+ (22...
Rad8 {Ftacnik} 23. g3 $14) 23. Qxf4 Rxf4 24. Rxd5 Rf2 25. Rd2 Raf8 26. Re1 $1
$16) (19... Qf7 $1 {Ftacnik} 20. Qxf7+ (20. Qg3 fxe5 21. fxe5 Qf4+ 22. Qxf4
Rxf4 23. Rdd1 Bd7 $11) 20... Rxf7 21. exf6 Rxf6 (21... gxf6 $2 22. Re1 $16) 22.
g3 g5 23. fxg5 hxg5 24. Nf3 Rg6 $11) 20. Rhd1 Ra7 {It is fruitless to attempt
to win a pawn after} (20... fxe5 21. fxe5 Qxa2 22. Ra3 Qc4 23. Rg3 $1 Qc7 24.
Nxe6 Bxe6 25. Qxe6+ Kh8 26. Rc3 Qf7 27. Qxf7 Rxf7 28. Rxd5 $16 {and white
emerges with a pawn up.}) (20... Qxa2 {Ftacnik} 21. Rg3 Qa1+ 22. Kd2 Qa5+ 23.
Ke2 Rf7 24. exf6 $16) 21. Kb1 Qc7 22. f5 $1 $16 {'!' Ftacnik. Ftacnik:
'Kramnik is ready with all the pieces and thus it makes no sense to wait with
direct attack. '} Qb6 $6 (22... Qf7 23. Qxf7+ Raxf7 24. fxe6 Re7 25. Re3 Bxe6
26. Rde1 $16) 23. Rh3 $1 {[%csl Rg8] Preparing Rh6. Black has no defense
against white's mating attack.} fxe5 24. Rxh6 $1 Rf6 (24... exd4 25. Qh7+ Kf7
26. f6 Ke8 27. fxg7 $18) 25. Qe8+ {Ftacnik: 'White even got few words of
criticism for this solution, since the banal continuation of the attack via h
file was winning more quickly. In reality is the choice of world champion very
safe and convincing despite few more moves.'} (25. Qh7+ {Ftacnik} Kf8 (25...
Kf7 26. fxe6+ Bxe6 (26... Ke8 27. Rxf6 gxf6 28. Qg8+ Ke7 29. Nf5#) 27. Rxf6+
Kxf6 28. Rf1+ Ke7 (28... Kg5 29. h4+ Kg4 30. Qg6+ Kxh4 31. Nf3#) 29. Nxe6 $18)
26. Qh8+ Kf7 (26... Ke7 27. Qxg7+ Rf7 28. Qg5+ Kd6 29. fxe6 $18) 27. Rh7 $18
Ke7 28. Rxg7+ Rf7 29. Rxf7+ Kxf7 30. fxe6+ Bxe6 31. Rf1+ Ke7 32. Qxe5 $18)
25... Rf8 26. Rh8+ Kxh8 27. Qxf8+ Kh7 28. Nf3 $18 ({Another possibility was} 
28. Rd3 $5 exf5 29. Qxc8 exd4 30. Qxf5+ Kg8 (30... g6 31. Rh3+ Kg7 32. Qe5+ $18
) 31. Qc8+ {and the black king has no escape - Rf3 or Rh3 is coming next.})
28... Qc7 29. fxe6 {The queen with the knight is the best combination of
pieces in the mating attack. Espacially when they are attacking king which is
left alone!} e4 30. Ng5+ (30. Rxd5 $5) 30... Kh6 31. h4 Kh5 32. Qf5 g6 33. g4+
Kxh4 34. Rh1+ Kg3 35. Rg1+ Kh4 36. Qf6 1-0

[Event "Linares 20th"]
[Site "Linares"]
[Date "2003.03.03"]
[Round "9"]
[White "Radjabov, Teimour"]
[Black "Kasparov, Garry"]
[Result "1/2-1/2"]
[WhiteElo "2624"]
[BlackElo "2847"]
[Annotator "Huzman,A"]
[PlyCount "78"]
[EventDate "2003.02.22"]
[EventType "tourn"]
[EventRounds "14"]
[EventCountry "ESP"]
[EventCategory "20"]
[SourceTitle "CBM 094"]
[Source "ChessBase"]
[SourceDate "2003.05.26"]
[SourceVersion "1"]
[SourceVersionDate "2003.05.26"]
[SourceQuality "1"]

1. d4 d5 2. c4 dxc4 3. Nf3 Nf6 4. e3 e6 5. Bxc4 c5 6. Qe2 a6 7. dxc5 Bxc5 8.
O-O Nc6 9. e4 b5 10. Bb3 Nd4 11. Nxd4 Qxd4 12. Be3 (12. Nc3 Qe5 $1 (12... O-O
13. Be3 Qe5 14. Bxc5 Qxc5 15. Rac1 Qh5 16. Qxh5 Nxh5 17. Rfd1 Bb7 18. f3 Rfd8
19. Kf2 Nf4 $11 {0-1 Rubinetti,J-Phillips,J/The Hague 1961/EXT 2000 (65)}) 13.
Be3 (13. Kh1 Bb7 (13... b4 $13) (13... Qh5 14. f3 Bb7 15. e5 Nd7 16. Bf4 Qh4
17. Bg3 Qe7 18. f4 g6 19. Bc2 O-O 20. Be4 $14 {0-1 Kachur,A-Kasparov,S/Lvov
1997/EXT 2002 (39)}) 14. f3 (14. f4 Qh5 15. Qxh5 Nxh5 16. f5 e5 17. Bd5 Rb8 18.
Bxb7 Rxb7 19. Nd5 Bd4 20. Bg5 h6 21. Rac1 O-O 22. g4 hxg5 {1/2-1/2 Korpics,
Z-Varga,Z/Hungary 1996/EXT 2000 (22)}) 14... O-O 15. Be3 Bxe3 16. Qxe3 Nd5 17.
Nxd5 Bxd5 18. Rfd1 Bxb3 {1/2-1/2 Cramling,P-Skripchenko Lautier,A/Germany 2000/
CBM 82 ext (18)}) 13... Bxe3 14. Qxe3 Ng4 15. Qg3 (15. Qh3 h5 16. Rae1 Bb7 17.
Qg3 Qxg3 18. hxg3 Ne5 19. f4 Nd3 20. Re3 Nc5 $10 {1/2-1/2 Sokolov,I-Van Wely,L/
Groningen (05) ,CBM 51 1995 (46)}) 15... Qxg3 16. hxg3 Bb7 (16... Ke7 17. Rac1
Bd7 (17... Rd8 18. Rfd1 Rxd1+ 19. Nxd1 {1/2-1/2 Cosma,E-Ionescu Brandis,I/
Sovata 2000/EXT 2001 (19)}) 18. Ne2 Rac8 19. Rfd1 Rhd8 20. a3 Be8 $10 {1/2-1/2
Sokolov,I-Lautier,J/Wijk aan Zee 1997/CBM 57/[Alterman,B] (27)}) 17. f3 Ne5 18.
Rfd1 Ke7 19. Kf2 h5 20. Rd4 Rad8 21. Rad1 Rxd4 22. Rxd4 h4 23. gxh4 Rxh4 24.
Rd1 g5 {1/2-1/2 Lerner,K-Lazarev,V/Bad Zwesten 1997/CBM 57 ext (24)}) 12... Qe5
(12... Qxe4 13. Nd2 Qf5 14. g4 Qe5 (14... Nxg4 $146 15. Bxc5 Bb7 16. Rfe1 Rd8
17. Nf1 $2 {1/2-1/2 Lesiege,A-Krush,I/Bermuda 2002/CBM 88/[Huzman] (58)} (17.
Rad1 $1)) 15. Nf3 Qe4 16. Ng5 Qc6 17. Rac1 Bb7 18. f3 Bxe3+ 19. Qxe3 Qd6 20.
Nxe6 $1 fxe6 21. Bxe6 Kf8 $8 22. Rfd1 Qe7 23. g5 Re8 24. gxf6 gxf6 25. Qh6+ {
1/2-1/2 Timman,J-Lautier,J/Ubeda 1997/CBM 58/[Huzman] (60)} (25. Re1 $1 Rg8+
26. Kf2 $16)) 13. Bxc5 Qxc5 14. Nc3 (14. e5 Nd7 15. Re1 Bb7 16. Nd2 (16. Nc3 b4
$5 (16... O-O 17. Rad1 Rfd8 $132 {[%cal Yd7f8,Yf8g6]}) 17. Na4 Qb5 18. Rac1
Qxe2 19. Rxe2 Ke7 20. Rec2 Rhc8 21. Nc5 $11) 16... O-O 17. Rac1 Qb6 $11) 14...
Bb7 15. Rac1 (15. Rad1 $5 b4 (15... Qe5 $5 16. f4 Qc5+ 17. Kh1 b4 18. Na4 (18.
e5 bxc3 19. exf6 gxf6 20. Ba4+ Kf8 21. bxc3 Rg8 $132) 18... Qb5 19. Qe3 O-O 20.
Nc5 $36) (15... O-O 16. e5 Qc6 17. f4 Nd7 18. Rd6 $36) 16. Na4 Qb5 17. Qe3 $1 {
[%cal Ga4c5,Ga4b6]} O-O 18. Nc5 $14) 15... Rc8 16. Qd2 (16. Bc2 e5 17. Rfd1 O-O
$17) (16. Rc2 Qh5 (16... Qe5 17. f4 Qd4+ 18. Kh1 O-O 19. Rd1 Qb4 20. e5 Ne4 $11
) 17. Qxh5 Nxh5 $11) 16... Qb4 17. Rfd1 (17. e5 $5 Nd7 18. Rfd1 $1 Nc5 (18...
Nxe5 19. f4 $18) 19. Bc2 O-O 20. Nd5 Qxd2 21. Ne7+ Kh8 22. Rxd2 Rc7 23. Bd1
Rxe7 24. Rxc5 $14) 17... O-O $11 18. f3 (18. e5 Ne4 (18... Nd5 19. Bxd5 Bxd5
20. a3 Qb3 21. Nxd5 exd5 22. h3 h6 $14 {/=}) 19. Qf4 a5 20. Nxe4 Qxe4 21. Qxe4
Bxe4 $11) 18... Rc7 19. Ne2 (19. e5 Nd7 20. Qd6 Qc5+ $15) 19... Qxd2 20. Rxd2
Rxc1+ 21. Nxc1 Rc8 $11 22. Rc2 Nd7 23. Nd3 Kf8 24. Kf2 Ke7 25. Rxc8 Bxc8 26. e5
f6 27. exf6+ (27. f4 Bb7 $11 {[%cal Yb7e4]}) 27... gxf6 28. f4 a5 29. Ke3 h6
30. a3 Kd6 31. g4 e5 32. h4 exf4+ $1 33. Kxf4 (33. Nxf4 Ne5 $17) 33... Nc5 $11
34. Bc2 Nxd3+ 35. Bxd3 b4 36. axb4 axb4 37. Bf5 Bb7 38. Bc2 Bc8 39. Bf5 Bb7
1/2-1/2

[Event "Sarajevo Bosnia 33rd"]
[Site "Sarajevo"]
[Date "2003.05.18"]
[Round "1"]
[White "Damljanovic, Branko"]
[Black "Radjabov, Teimour"]
[Result "0-1"]
[WhiteElo "2587"]
[BlackElo "2644"]
[PlyCount "67"]
[EventDate "2003.05.18"]
[EventType "tourn"]
[EventRounds "9"]
[EventCountry "BIH"]
[EventCategory "16"]
[SourceTitle "CBM 096"]
[Source "ChessBase"]
[SourceDate "2003.09.25"]
[SourceVersion "1"]
[SourceVersionDate "2003.09.25"]
[SourceQuality "1"]

1. Nf3 Nf6 2. c4 g6 3. Nc3 Bg7 4. e4 d6 5. d4 O-O 6. Be2 e5 7. Be3 Ng4 8. Bg5
f6 9. Bc1 exd4 10. Nxd4 f5 11. O-O fxe4 12. Bxg4 Bxg4 13. Qxg4 Bxd4 14. Qxe4
Nc6 15. Be3 Bxe3 16. Qxe3 Qh4 17. f4 Rae8 18. Qd2 Qh5 19. Nd5 Ne7 20. Rae1 Nxd5
21. cxd5 Qf5 22. g3 h5 23. Qd1 h4 24. Qf3 hxg3 25. hxg3 Rxe1 26. Rxe1 g5 27.
Rf1 Rf7 28. Qe3 Qxd5 29. fxg5 Rxf1+ 30. Kxf1 Qxa2 31. Qe8+ Kg7 32. Kg2 Qxb2+
33. Kh3 Qb3 34. Qe7+ 0-1

[Event "Sarajevo Bosnia 33rd"]
[Site "Sarajevo"]
[Date "2003.05.19"]
[Round "2"]
[White "Radjabov, Teimour"]
[Black "Movsesian, Sergei"]
[Result "1/2-1/2"]
[WhiteElo "2644"]
[BlackElo "2659"]
[PlyCount "56"]
[EventDate "2003.05.18"]
[EventType "tourn"]
[EventRounds "9"]
[EventCountry "BIH"]
[EventCategory "16"]
[SourceTitle "CBM 096"]
[Source "ChessBase"]
[SourceDate "2003.09.25"]
[SourceVersion "1"]
[SourceVersionDate "2003.09.25"]
[SourceQuality "1"]

1. d4 d5 2. c4 c6 3. Nc3 Nf6 4. e3 a6 5. Qc2 b5 6. b3 Bg4 7. Nge2 Nbd7 8. h3
Bh5 9. Nf4 Bg6 10. Nxg6 hxg6 11. g3 e5 12. Bg2 Rc8 13. c5 Be7 14. Bb2 O-O 15.
Ne2 Qa5+ 16. Bc3 Qc7 17. a4 Rfe8 18. axb5 axb5 19. O-O Ra8 20. Rxa8 Rxa8 21.
Ra1 Rxa1+ 22. Bxa1 Qa7 23. Bc3 exd4 24. exd4 Nf8 25. Nf4 N6d7 26. h4 Bf6 27. b4
Qa3 28. Qb2 Qa4 1/2-1/2

[Event "Sarajevo Bosnia 33rd"]
[Site "Sarajevo"]
[Date "2003.05.21"]
[Round "4"]
[White "Radjabov, Teimour"]
[Black "Kasimdzhanov, Rustam"]
[Result "1/2-1/2"]
[WhiteElo "2644"]
[BlackElo "2680"]
[PlyCount "59"]
[EventDate "2003.05.18"]
[EventType "tourn"]
[EventRounds "9"]
[EventCountry "BIH"]
[EventCategory "16"]
[SourceTitle "CBM 096"]
[Source "ChessBase"]
[SourceDate "2003.09.25"]
[SourceVersion "1"]
[SourceVersionDate "2003.09.25"]
[SourceQuality "1"]

1. d4 d5 2. c4 e6 3. Nf3 Nf6 4. Nc3 Be7 5. Qc2 dxc4 6. e4 Nc6 7. e5 Nb4 8. Qb1
Nfd5 9. Bxc4 Nb6 10. Be2 Bd7 11. O-O Bc6 12. Rd1 a6 13. a3 N4d5 14. Bd2 Nxc3
15. bxc3 Qd5 16. Ne1 O-O 17. Bd3 Kh8 18. f3 Qd7 19. Nc2 Bb5 20. Ne3 Bxd3 21.
Qxd3 c5 22. Rab1 Qc6 23. Qe4 Rac8 24. Qxc6 Rxc6 25. f4 Rd8 26. a4 cxd4 27. cxd4
Rxd4 28. Bb4 Rxb4 29. Rxb4 g5 30. Rb3 1/2-1/2

[Event "Sarajevo Bosnia 33rd"]
[Site "Sarajevo"]
[Date "2003.05.22"]
[Round "5"]
[White "Sokolov, Ivan"]
[Black "Radjabov, Teimour"]
[Result "1-0"]
[WhiteElo "2677"]
[BlackElo "2644"]
[Annotator "Hazai,L"]
[PlyCount "75"]
[EventDate "2003.05.18"]
[EventType "tourn"]
[EventRounds "9"]
[EventCountry "BIH"]
[EventCategory "16"]
[SourceTitle "CBM 096"]
[Source "ChessBase"]
[SourceDate "2003.09.25"]
[SourceVersion "1"]
[SourceVersionDate "2003.09.25"]
[SourceQuality "1"]

1. d4 {McShane} Nf6 2. c4 g6 3. Nc3 Bg7 4. e4 d6 {McShane: 'Radjabov employs
his favourite King's Indian Defence. Sokolov chooses a less explored but
venomous continuation.'} 5. Bd3 O-O 6. Nge2 c5 (6... Nc6 {is the main line
these days, but}) (6... Nbd7 {has also big fans.}) 7. d5 e6 8. O-O (8. h3 {
avoiding the game continuation.} exd5 9. exd5 {- Gretarsson-Marin, Andorra
1999 CBM 72}) 8... exd5 9. exd5 (9. cxd5 {leads to the Penrose Attack of the
Benoni A65.}) 9... Ng4 {'!?' McShane. McShane: 'Heading for e5, since it is
not yet clear how to arrange the queenside pieces.'} 10. f4 {seriously weakens
the e <->.} (10. Bc2 {- Larsen-Hoffmann, Pinamar 2001 CBM 82}) 10... Re8 (10...
f5 $11 {is also playable for Black.} 11. h3 Nf6 (11... Nh6 12. Be3 Nd7 13. Qc2
Nf6 14. Bf2 Bd7 15. Rab1 Re8 16. b4 b6 {Black has a rock-solid position.} 17.
Rfe1 Nf7 18. a4 a5 {Black wants to close the position completely.} 19. bxa5
Rxa5 20. Bh4 Ra6 $11 {1/2-1/2 Illescas-G.Hernandez, Mondariz 2002}) 12. Be3 (
12. Bd2 Na6 13. a3 Nh5 14. Qc2 Nc7 15. b4 b6 16. Rae1 Ne8 17. g3 Bd7 18. Kg2 a6
19. Ng1 b5 {The opening of the position works usually for the better developed
party.} 20. cxb5 cxb4 21. axb4 Bxc3 22. Bxc3 Bxb5 23. Nf3 Nef6 24. Nd4 Bxd3 25.
Qxd3 Qd7 26. Nc6 $14 {Atalik-Ivanisevic, Jahorina 2003}) 12... Na6 13. Qd2 Bd7
(13... Nc7 14. a3 b6 15. Rae1 Bd7 16. Kh1 Kh8 17. Bf2 a6 18. b4 Be8 19. Ng1 Bf7
20. Nf3 h6 21. bxc5 bxc5 22. Rb1 $14 {Yuferov-Tsarev, Moscow 1990}) 14. a3 Qe7
15. Rae1 Rae8 16. Bf2 Qd8 17. Kh1 Qa5 18. Ng1 Nh5 19. Nf3 Nc7 $13 {and in this
fairly closed position it is not easy for White to move ahead,
Davidovic-Damljanovic, Zlatibor 1989.}) 11. h3 (11. Rf3 $6 {allows} Qh4 12. h3
Bd4+ 13. Nxd4 {White has to sacrifice the Q, otherwise he is lost completely.}
Re1+ 14. Qxe1 Qxe1+ 15. Rf1 Qe7 16. Nc2 Nh6 $17 {and White has no real
compensation for the lost material, S.Kasparov-Berger, Pardubice 2000.}) 11...
Nh6 {McShane: 'I might have been tempted to grab the bishop pair, though after'
} (11... Ne3 {is better than the passive retreat} 12. Bxe3 Rxe3 $11 {Black has
a very strong fianchettoed B.} 13. Qd2 Re8 14. Kh2 $1 (14. Rae1 {(McShane)
White's pieces centralise very easily.}) 14... Nd7 $1 $13 {/\ f5, Nf6} (14...
Na6 15. Rae1 Nc7 16. Ng1 {/\ Nf3} Rxe1 17. Rxe1 Bd7 18. Nf3 a6 19. Ne4 (19. f5
$5 {is used to be the main idea in this P structure.}) 19... Ne8 $1 20. b4 b6
$1 21. Rb1 Qc7 22. g3 Nf6 23. Nf2 b5 $1 $36 {and suddenly Black grabs the |^,
Seirawan-Wojtkiewicz, Tilburg 1992 56/656.})) 12. Bd2 (12. g4 $1 {and the N is
out of play.} f5 13. g5 Nf7 14. h4 $14 {/\ Ng3 h5 Suetin}) 12... Nf5 13. Qb3 {
'!?' McShane. McShane: 'Preparing to bring the rook across, and tickling
Black's queenside.'} (13. g4 $2 {is overoptimistic because of} Ne3 14. Bxe3
Rxe3 15. Be4 Rxh3 16. Bg2 Bxg4 17. Bxh3 Bxh3 18. Rf2 Nd7 $17 {Barczay-Letelier
Martner, Havana 1971 11/576}) 13... Na6 14. Rae1 Rb8 15. a3 (15. Nb5 Nb4 $132)
15... Nc7 {/\ b5} 16. a4 {Winning a "tempo" if the N retreats to a6.} Bd7 (
16... Ne3 $2 {is not relevant because of} 17. Rf3) 17. Ne4 (17. Kh2 {is
already met by} Ne3 $1) (17. Bxf5 $1 Bxf5 18. Ng3 $14 {fighting for the vital
f5 square looked better.}) 17... Na6 18. Kh2 Nb4 {McShane: 'Black was denied
the b5 break at the cost of this reasonable post for the horse. Unfortunately,
it later finds itself sidelined since White controls all the light squares it
could want to move to.'} 19. Bb1 $1 (19. Bxb4 {is strongly met by the
intermediate move} Qb6 $1 (19... cxb4 {McShane} 20. Qxb4 a5 21. Qb3 Qc7 {
gives Black good compensation as White's dark squares are much more accessible
here.}) 20. g4 Ne3 21. Rf3 cxb4 22. c5 $145 $5) 19... Qh4 20. Bc3 (20. g4 {
is still premature in view of} Nh6 $1 {>< g4}) 20... Ne3 21. Bxg7 {'!' McShane.
McShane: 'Not fearing the loss of exchange - Radjabov soon feels obliged to
return the compliment.'} Nxf1+ 22. Rxf1 Rxe4 $1 {Black has to eliminate the
dangerous attacking N.} (22... Kxg7 {allows White to organize a dangerous ->
after} 23. Qc3+ f6 24. N2g3 $40 {McShane: 'provides tremendous compensation.
The pawn on d6 is ripe for plucking and Black's pieces coordinate poorly.'})
23. Bxe4 Kxg7 24. Qc3+ Qf6 $2 {This allows White to get an enormous space
advantage.} (24... Kg8 $1 $15 {and there is no f4-f5!}) 25. f5 $1 $16 {'!'
McShane. McShane: 'A key move, maintaining an initiative. Black's pieces are
not given enough room to breathe. I am sure Sokolov appreciated the coming
weakness of the d6 pawn from a long way off, upon which the game turns.'} Qxc3
(25... Bxa4 $2 {McShane} 26. fxg6 Qxc3 27. Rxf7+ $1 {is an important
intermezzo.}) 26. Nxc3 Re8 {McShane: 'This allows the pawn a dominant role on
f6, but instead'} (26... f6 {McShane} 27. Bb1 {threatens the powerful Ne4.})
27. f6+ Kf8 28. Bb1 {/\ Ne4 >< d6} b6 29. a5 $1 {ruining Black's P structure.
McShane: 'There is time enough to fracture Black's structure before winning d6.
Notice how hopeless the proud knight on b4 now looks. Nor is Black's 'good'
bishop much use here.'} bxa5 30. Ne4 {>< d6 will fall.} a4 31. Nxd6 Re2 32. Ne4
{>< c5 McShane: 'And now back for c5, thanks to 29.a5!'} Na6 33. Rf2 {White
has a defended o^ and his f6 P cripples Black.} Re1 (33... Rxf2 {McShane} 34.
Nxf2 {and White's king can advance to e5, with a huge edge.}) 34. Bc2 Re3 35.
Rd2 $18 {/\ Kg1-f2 capturing the R.} a3 36. bxa3 Rxa3 37. Re2 Ra2 38. Nd6 {
/\ Re7! McShane: 'Finally White's rook finds a way in via e7, and Black has no
decent defence.'} 1-0